<?xml version="1.0" encoding="UTF-8"?>
<collection xmlns:xsi="http://www.w3.org/2001/XMLSchema-instance" xsi:schemaLocation="http://www.loc.gov/MARC21/slim http://www.loc.gov/standards/marcxml/schema/MARC21slim.xsd" xmlns="http://www.loc.gov/MARC21/slim">
 <record>
  <leader>00000cmm a22000004a 4500</leader>
  <controlfield tag="001">UP-99796217611190407</controlfield>
  <controlfield tag="003">Buklod</controlfield>
  <controlfield tag="005">20230215085534.0</controlfield>
  <controlfield tag="006">m    go  j        </controlfield>
  <controlfield tag="007">cr |n |||auu|a</controlfield>
  <controlfield tag="008">110520s2011    xxu        u |      eng d</controlfield>
  <datafield tag="020" ind1=" " ind2=" ">
   <subfield code="a">9781461402077 (eBook)</subfield>
  </datafield>
  <datafield tag="020" ind1=" " ind2=" ">
   <subfield code="a">1461402077 (eBook)</subfield>
  </datafield>
  <datafield tag="035" ind1=" " ind2=" ">
   <subfield code="a">(iLib)UPD-00214607198</subfield>
  </datafield>
  <datafield tag="040" ind1=" " ind2=" ">
   <subfield code="a">DLC</subfield>
   <subfield code="d">DML</subfield>
  </datafield>
  <datafield tag="041" ind1="0" ind2=" ">
   <subfield code="a">eng</subfield>
  </datafield>
  <datafield tag="042" ind1=" " ind2=" ">
   <subfield code="a">DMLUC</subfield>
  </datafield>
  <datafield tag="084" ind1=" " ind2=" ">
   <subfield code="a">TA 417.5</subfield>
   <subfield code="b">S46 2011 v.7eb</subfield>
  </datafield>
  <datafield tag="111" ind1="2" ind2=" ">
   <subfield code="a">SEM Conference on Experimental and Applied Mechanics</subfield>
   <subfield code="c">Uncasville, Conn.)</subfield>
   <subfield code="d">(2011</subfield>
  </datafield>
  <datafield tag="245" ind1="1" ind2="0">
   <subfield code="a">Thermomechanics and infra-red imaging, volume 7</subfield>
   <subfield code="b">proceedings of the 2011 annual conference on experimental and applied mechanics</subfield>
   <subfield code="h">[electronic resource]</subfield>
   <subfield code="c">by Tom Proulx.</subfield>
  </datafield>
  <datafield tag="264" ind1=" " ind2="1">
   <subfield code="a">New York, NY</subfield>
   <subfield code="b">Springer</subfield>
   <subfield code="c">2011.</subfield>
  </datafield>
  <datafield tag="300" ind1=" " ind2=" ">
   <subfield code="a">VIII, 132 p.</subfield>
   <subfield code="b">online resource.</subfield>
  </datafield>
  <datafield tag="490" ind1="0" ind2=" ">
   <subfield code="a">Conference proceedings of the society for experimental mechanics series</subfield>
  </datafield>
  <datafield tag="505" ind1="0" ind2=" ">
   <subfield code="a">Challenges in Synchronising High Speed Full-field Temperature and Strain Measurement -- The use of Infrared Thermography at High Frame Rates -- In Situ Heat Generation and Strain Localization of Polycrystalline and Nanocrystalline Nickel -- Dissipative and Coupling Effects Accompanying the Natural Rubber Elongation -- Experimental Estimation of the Inelastic Heat Fraction From Thermomechanical Observations and Inverse Analysis -- Keynote Presentation (40 minutes)-- Energy Balance Properties of Steels Subjected to High Cycle Fatigue -- Contribution of Kinematical and Thermal Full-field Measurements for Identification of High Cycle Fatigue Properties of Steels -- Dissipative Energy: Monitoring Microstructural Evolutions During Mechanical Tests -- Bidirectional Thermo-mechanical Properties of Foam Core Materials Using DIC -- Optimization of Transient Thermography Inspection of Carbon Fiber Reinforced Plastics Panels -- Experimental Investigation of Thermal Effects in Foam Cored Sandwich Beams -- Intelligent Non-destructive Evaluation Expert System for Carbon Fiber Reinforced Plastics Panel Using Infrared Thermography -- Keynote Presentation (40 minutes) -- Successful Application of Thermoelasticity to Remote Inspection of Fatigue Cracks -- Investigation of Residual Stress Around Cold Expanded Hole Using Thermoelastic Stress Analysis -- TSA Analysis of Vertically- and Incline-loaded Plates Containing Neighboring Holes -- Examination of Crack Tip Plasticity Using Thermoelastic Stress Analysis.</subfield>
  </datafield>
  <datafield tag="506" ind1=" " ind2=" ">
   <subfield code="a">IP-based subscription, access limited to within on campus computer network.</subfield>
   <subfield code="c">Access via Electronic Resources  of the UPD University Library Website.</subfield>
  </datafield>
  <datafield tag="520" ind1=" " ind2=" ">
   <subfield code="a">Thermomechanics and Infra-Red Imaging represents one of eight volumes of technical papers presented at the Society for Experimental Mechanics Annual Conference &amp; Exposition on Experimental and Applied Mechanics, held at Uncasville, Connecticut, June 13-16, 2011. The full set of proceedings also includes volumes on Dynamic Behavior of Materials, Mechanics of Biological Systems and Materials, Mechanics of Time-Dependent Materials and Processes in Conventional and Multifunctional Materials, MEMS and Nanotechnology; Optical Measurements, Modeling and, Metrology; Experimental and Applied Mechanics, and Engineering Applications of Residual Stress.</subfield>
  </datafield>
  <datafield tag="533" ind1=" " ind2=" ">
   <subfield code="a">Electronic reproduction.</subfield>
   <subfield code="b">New York</subfield>
   <subfield code="c">SpringerLink</subfield>
   <subfield code="d">2011.</subfield>
   <subfield code="n">Available via World Wide Web through SpringerLink.</subfield>
  </datafield>
  <datafield tag="650" ind1=" " ind2="0">
   <subfield code="a">Infrared radiation</subfield>
   <subfield code="x">Industrial applications</subfield>
   <subfield code="v">Congresses.</subfield>
  </datafield>
  <datafield tag="650" ind1=" " ind2="0">
   <subfield code="a">Electronic books.</subfield>
  </datafield>
  <datafield tag="700" ind1="1" ind2=" ">
   <subfield code="a">Proulx, Thomas A.</subfield>
  </datafield>
  <datafield tag="710" ind1="2" ind2=" ">
   <subfield code="a">SpringerLink (Online service).</subfield>
  </datafield>
  <datafield tag="842" ind1=" " ind2=" ">
   <subfield code="a">Electronic Resource</subfield>
  </datafield>
  <datafield tag="856" ind1="4" ind2="0">
   <subfield code="y">Available for University of the Philippines Diliman via SpringerLink. Click here to access</subfield>
   <subfield code="u">http://link.springer.com/book/10.1007/978-1-4614-0207-7</subfield>
  </datafield>
  <datafield tag="905" ind1=" " ind2=" ">
   <subfield code="a">FO</subfield>
  </datafield>
  <datafield tag="950" ind1=" " ind2=" ">
   <subfield code="a">Monograph</subfield>
  </datafield>
  <datafield tag="852" ind1="0" ind2=" ">
   <subfield code="a">UPD</subfield>
   <subfield code="b">DMLR</subfield>
  </datafield>
  <datafield tag="942" ind1=" " ind2=" ">
   <subfield code="a">Electronic Resource</subfield>
  </datafield>
 </record>
</collection>
